Khảo sát thành phần hóa học rễ cây ô môi (Cassia grandis L.f) : Luận văn tốt nghiệp Cao học ngành Hóa hữu cơ
Đề tài khảo sát thành phần hóa học rễ cây ô môi, thử nghiệm hoạt tính sinh học tùy theo cấu trúc của các chất tìm được dưới dạng tinh khiết.
保存先:
| 第一著者: | |
|---|---|
| フォーマット: | 図書 |
| 言語: | Undetermined |
| 出版事項: |
Cần Thơ
Trường Đại học Cần Thơ
2014
|
| 主題: | |
| タグ: |
タグ追加
タグなし, このレコードへの初めてのタグを付けませんか!
|
| Thư viện lưu trữ: | Trung tâm Học liệu Trường Đại học Cần Thơ |
|---|
| LEADER | 01017nam a2200217Ia 4500 | ||
|---|---|---|---|
| 001 | CTU_191186 | ||
| 008 | 210402s9999 xx 000 0 und d | ||
| 082 | |a 547 | ||
| 082 | |b Y603 | ||
| 088 | |a 60440114 | ||
| 100 | |a Huỳnh, Thị Phi Yến | ||
| 245 | 0 | |a Khảo sát thành phần hóa học rễ cây ô môi (Cassia grandis L.f) : | |
| 245 | 0 | |b Luận văn tốt nghiệp Cao học ngành Hóa hữu cơ | |
| 245 | 0 | |c Huỳnh Thị Phi Yến ; Nguyễn Ngọc Hạnh (Cán bộ hướng dẫn) | |
| 260 | |a Cần Thơ | ||
| 260 | |b Trường Đại học Cần Thơ | ||
| 260 | |c 2014 | ||
| 520 | |a Đề tài khảo sát thành phần hóa học rễ cây ô môi, thử nghiệm hoạt tính sinh học tùy theo cấu trúc của các chất tìm được dưới dạng tinh khiết. | ||
| 650 | |a Chemistry, organic,Hóa học hữu cơ | ||
| 904 | |i Hải | ||
| 980 | |a Trung tâm Học liệu Trường Đại học Cần Thơ | ||